000 00435nam a2200181Ia 4500
003 OSt
005 20241010110314.0
008 241010b ||||| |||| 00| 0 eng d
040 _cAL
041 _aEnglish
082 _a823/66
100 _aSHAKESPEARE (William)
_9182064
245 _aCymbeline
260 _a London
_b Blackie & Son Ltd.
650 _aCoriolanus
_9182065
690 _aEnglish Drama
_9182066
942 _2ddc
_cBK
999 _c132521
_d132521